Statistics for Most successful F1 Driver at every circuit

Click here to take the quiz!

General Stats

  • This quiz has been taken 121 times
    (15 since last reset)
  • The average score is 32 of 77

Answer Stats

CircuitGrands Prix heldDriverWinsPodiums% Correct
Barcelona (SPA)33Michael Schumacher612
86%
Monaco (MON)69Ayrton Senna68
71%
Buenos Aires (ARG)20Juan Manuel Fangio44
71%
Hungaroring (HUN)38Lewis Hamilton811
71%
COTA (USA)11Lewis Hamilton59
71%
Jeddah (SAU)3Max Verstappen13
71%
Losail (QAT)2Max Verstappen12
71%
Miami (USA)2Max Verstappen22
71%
Las Vegas Strip (USA)1Max Verstappen11
71%
Hockenheim (GER)37Michael Schumacher47
71%
Melbourne (AUS)26Michael Schumacher45
71%
Imola (ITA)30Michael Schumacher712
71%
Interlagos (BRA)40Michael Schumacher410
71%
Singapore (SIN)14Sebastian Vettel58
71%
Istanbul (TUR)9Felipe Massa33
57%
Portimão (POR)2Lewis Hamilton22
57%
Shanghai (CHN)16Lewis Hamilton69
57%
Silverstone (GBR)58Lewis Hamilton814
57%
Sochi (RUS)8Lewis Hamilton57
57%
Yas Marina (UAE)15Lewis Hamilton510
57%
Sakhir (BAH)20Lewis Hamilton511
57%
Mugello (ITA)1Lewis Hamilton11
57%
Spielberg (AUT)37Max Verstappen58
57%
Mexico City (MEX)23Max Verstappen55
57%
Suzuka (JAP)33Michael Schumacher69
57%
Monza (ITA)73Michael Schumacher58
57%
Indianapolis (USA)19Michael Schumacher57
57%
Spa (BEL)56Michael Schumacher69
57%
Montréal (CAN)42Michael Schumacher712
57%
Anderstorp (SWE)6Niki Lauda23
57%
Valencia (SPA)5Sebastian Vettel22
57%
Kuala Lumpur (MAL)19Sebastian Vettel45
57%
New Delhi (IND)3Sebastian Vettel33
57%
Baku (AZE)7Sergio Pérez25
57%
Le Castellet (FRA)18Alain Prost48
43%
Estoril (POR)13Alain Prost37
43%
Phoenix (USA)3Ayrton Senna22
43%
Detroit (USA)7Ayrton Senna33
43%
Donington (GBR)1Ayrton Senna11
43%
Zandvoort (NET)33Jim Clark46
43%
Nürburgring (GER)41Michael Schumacher58
43%
Magny-Cours (FRA)18Michael Schumacher811
43%
Aida (JAP)2Michael Schumacher22
43%
Yeongam (KOR)4Sebastian Vettel33
43%
Ain-Diab (MOR)1Stirling Moss11
43%
Jerez (SPA)7Alain Prost25
29%
Jacarapagua (BRA)10Alain Prost56
29%
Watkins Glen (USA)20Graham Hill36
29%
Montjuïc (SPA)4Jackie Stewart22
29%
Clermont-Ferrand (FRA)4Jackie Stewart23
29%
Mosport (CAN)8Jackie Stewart22
29%
East London (SAF)3Jim Clark22
29%
Bremgarten (SWI)5Juan Manuel Fangio22
29%
Jarama (SPA)9Mario Andretti24
29%
Zolder (BEL)10Niki Lauda23
29%
Brands Hatch (GBR)14Niki Lauda34
29%
Dijon (FRA)6Niki Lauda13
29%
Kyalami (SAF)20Niki Lauda33
29%
Pescara (ITA)1Stirling Moss11
29%
AVUS (GER)1Tony Brooks11
29%
Sebring (USA)1Bruce McLaren11
14%
Adelaide (AUS)11Gerhard Berger24
14%
Le Mans (FRA)1Jack Brabham11
14%
Mont-Tremblant (CAN)2Jacky Ickx
Denny Hulme
11
14%
Fuji (JAP)4James Hunt12
14%
Pedralbes (SPA)2Juan Manuel Fangio12
14%
Reims (FRA)11Juan Manuel Fangio34
14%
Dallas (USA)1Keke Rosberg11
14%
Zeltweg (AUT)1Lorenzo Bandini11
14%
Long Beach (USA)8Niki Lauda14
14%
Monsanto (POR)1Stirling Moss11
14%
Aintree (GBR)5Stirling Moss23
14%
Rouen (FRA)5Dan Gurney22
0%
Nivelles (BEL)2Emerson Fittipaldi22
0%
Porto (POR)2Jack Brabham11
0%
Caesars Palace (USA)2Michele Alboreto11
0%
Riverside (USA)1Stirling Moss11
0%

Score Distribution

Percentile by Number Answered

Percent of People with Each Score

Your Score History

You have not taken this quiz since the last reset